01062nas a2200253Ia 4500001001100000003000900011008004100020040001300061040001300074041001300087100004400100210003000144222003000174245009600204250001100300260002600311501008600337300001900423362003300442500024900475650003600724700001900760700002900779R031/43945IT-RoPAU151124c99999999xx |||||||||||| ||und|| aIT-RoPAU cIT-RoPAU aITALIANO aGirlanda EliogCodice Aut. SPICS: 22365 aRIVISTA DEL CINEMATOGRAFO aRivista Del Cinematografo aRIVISTA DEL CINEMATOGRAFO, ANNO 53-N.06 (GIUGNO 1980)bA Colloquio Con Alessandro Il Grande a1a ed. aROMAbERREDICI'c1980 bPaulus - SPICS - Società San Paolo EM (non-commercial uses only)cCopyright2015 a8 p. [277-284] aANNO 053, N.06 (GIUGNO 1980) aIntervista con Alessandro Blasetti Sul Suo Cinema. Film che Ama di più: Soggetti e Sceneggiature, Storia, Generi, Cortometraggi. Rapporto con Zavattini. Sogni nel Cassetto. Rapporto con Cinecittà e il Centro Sperimentale. Futuro del Cinema. aCINEMAvPUBBLICAZIONE PERIODICA aPisarra Pietro gCodice Aut. SPICS: 22366